Statistics for Top 10 Champions League goal scorers by season (PART 3)

Click here to take the quiz!

General Stats

  • This quiz has been taken 25 times
  • The average score is 35 of 39

Answer Stats

HintAnswer% Correct
Real Madrid - FranceBenzema
100%
Real Madrid - FranceBenzema
100%
Man City - NorwayHaaland
100%
Dortmund - NorwayHaaland
100%
Dortmund - NorwayHaaland
100%
Tottenham - EnglandKane
100%
Bayern - PolandLewandowski
100%
Barcelona - PolandLewandowski
100%
Bayern - PolandLewandowski
100%
PSG - FranceMbappe
100%
PSG - FranceMbappe
100%
PSG - FranceMbappe
100%
PSG - BrazilNeymar
100%
Man United - EnglandRashford
100%
Real Madrid - BrazilRodrygo
100%
Liverpool - EgyptSalah
100%
Liverpool - EgyptSalah
100%
Liverpool - EgyptSalah
100%
Tottenham - South KoreaSon
100%
Real Madrid - BrazilVinicius
100%
Lazio - ItalyImmobile
95%
Man City - AlgeriaMahrez
95%
Juventus - SpainMorata
95%
Man United - PortugalRonaldo
95%
Lyon - NetherlandsDepay
91%
Man City - BrazilGabriel Jesus
91%
Napoli - BelgiumMertens
91%
Benfica - UruguayDarwin Nuñez
86%
Bayern - GermanyGnabry
86%
Leipzig - FranceNkunku
86%
Man City - EnglandSterling
86%
Sevilla - MoroccoEn Nesyri
82%
Ajax - Ivory CoastHaller
82%
Porto - IranTaremi
82%
Chelsea - FranceGiroud
73%
Atalanta - SloveniaIlicic
73%
Napoli - NigeriaOsimhen
73%
Benfica - PortugalRafa
45%
Benfica - PortugalJoao Mario
32%

Score Distribution

Percentile by Number Answered

Percent of People with Each Score

Your Score History

You have not taken this quiz